[Event "Caribbean-ch U18"]
[Site "San Salvador"]
[Date "2021.11.27"]
[Round "3"]
[White "Coto Calderon, Juan Diego"]
[Black "Meza Vega, Jose Antonio"]
[Result "1/2-1/2"]
[WhiteElo "1673"]
[BlackElo "1383"]
[PlyCount "90"]
[EventDate "2021.11.27"]
[EventType "tourn"]
[EventRounds "9"]
[EventCountry "ESA"]
[SourceTitle "EXT 2023"]
[Source "ChessBase"]
[SourceDate "2022.10.05"]
[SourceVersion "1"]
[SourceVersionDate "2022.10.05"]
[SourceQuality "1"]
[WhiteTeam "Costa Rica"]
[BlackTeam "Costa Rica"]
[WhiteTeamCountry "CRI"]
[BlackTeamCountry "CRI"]

1. d4 g6 2. c4 Bg7 3. Nc3 d6 4. g3 Nf6 5. Bg2 0-0 6. Nf3 Nbd7 7. 0-0 e5 8. dxe5 Nxe5 9. Nxe5 dxe5 10. Qxd8 Rxd8 11. Bg5 h6 12. Bxf6 Bxf6 13. Nd5 Bg7 14. Nxc7 Rb8 15. Rfd1 Bd7 16. Nd5 f5 17. e4 Kf7 18. Rd2 Be6 19. Rad1 Bxd5 20. Rxd5 Rxd5 21. Rxd5 Ke6 22. b4 b6 23. h4 Rc8 24. exf5+ gxf5 25. Rb5 e4 26. Rxf5 Rxc4 27. Bh3 Ke7 28. Rd5 Rd4 29. Rxd4 Bxd4 30. Kf1 Kd6 31. Ke2 Ke5 32. b5 Bc5 33. f4+ exf3+ 34. Kxf3 Bb4 35. g4 Bd2 36. Ke2 Bf4 37. g5 hxg5 38. h5 g4 39. Bxg4 Bh6 40. Kd3 Bc1 41. a4 Bg5 42. Kc4 Be3 43. Bd1 Bg5 44. a5 bxa5 45. Kc5 Be3+ 1/2-1/2

[Event "Caribbean-ch U18"]
[Site "San Salvador"]
[Date "2021.11.27"]
[Round "7"]
[White "Coto Calderon, Juan Diego"]
[Black "Murillo Borovik, Alexander"]
[Result "1-0"]
[WhiteElo "1673"]
[BlackElo "1434"]
[PlyCount "120"]
[EventDate "2021.11.27"]
[EventType "tourn"]
[EventRounds "9"]
[EventCountry "ESA"]
[SourceTitle "EXT 2023"]
[Source "ChessBase"]
[SourceDate "2022.10.05"]
[SourceVersion "1"]
[SourceVersionDate "2022.10.05"]
[SourceQuality "1"]
[WhiteTeam "Costa Rica"]
[BlackTeam "Costa Rica"]
[WhiteTeamCountry "CRI"]
[BlackTeamCountry "CRI"]

1. c4 Nf6 2. Nc3 c5 3. g3 e6 4. Bg2 d5 5. Nf3 Nc6 6. d3 Be7 7. 0-0 0-0 8. e4 d4 9. Ne2 a5 10. Bf4 Nd7 11. a3 e5 12. Bd2 a4 13. Ne1 Na5 14. Qxa4 Nb6 15. Qd1 Bd7 16. Bxa5 Rxa5 17. Qd2 Qa8 18. f4 f6 19. f5 Nc8 20. Rb1 b5 21. Nf3 bxc4 22. dxc4 Nd6 23. Qc2 Bc6 24. Nd2 Rb8 25. Nc1 Qa6 26. b4 cxb4 27. axb4 Ra3 28. b5 Qa7 29. Kh1 Rc3 30. Qd1 Nxc4 31. bxc6 Rxb1 32. Nxb1 Ne3 33. Qe1 Rc2 34. Rf2 Bb4 35. Rxc2 Nxc2 36. Qe2 Qc5 37. Qa6 Ne3 38. Qa2+ Kf8 39. Qa8+ Kf7 40. Qb7+ Kf8 41. Nd3 Qc2 42. Qxb4+ Kf7 43. Ne1 Qf2 44. Qd2 Qxd2 45. Nxd2 Ke7 46. Nd3 Kd6 47. Nb4 g6 48. fxg6 hxg6 49. Bf1 f5 50. exf5 gxf5 51. Nc4+ Nxc4 52. Bxc4 e4 53. Kg2 d3 54. Nxd3 Kxc6 55. Nf4 Kd6 56. h4 Ke5 57. h5 Kf6 58. h6 e3 59. h7 e2 60. h8Q+ Ke7 1-0